| 000 | 00776nam a22002177a 4500 | ||
|---|---|---|---|
| 999 |
_c5194 _d5194 |
||
| 003 | AR-CdUCM | ||
| 008 | 190312b ||||| |||| 00| 0 eng d | ||
| 040 |
_aMUNICIPALIDAD PROVINCIAL DEL CUSCO _cBIBLIOTECA MUNICIPAL DEL CUSCO |
||
| 082 |
_a759.85 / _bG69 |
||
| 100 |
_aGonzález Ayquipa, Simeón _915758 |
||
| 245 | _aSimeón González Ayquipa | ||
| 260 |
_aEspaña : _bCorcelles-La española, |
||
| 300 |
_a211 páginas ; _bIlustraciones, desplegables, _c33 cm. |
||
| 505 | _aUn acercamiento al artista -- Sus inicios -- El artista y su entorno -- Comentario de Enrique Lorente -- La expresión del alma andina... | ||
| 650 |
_aArte _9561 |
||
| 650 |
_aOleo _915759 |
||
| 650 |
_aCatalogo _912543 |
||
| 650 |
_aArte peruano _95992 |
||
| 942 |
_2ddc _cLIBROS |
||
| 945 | _admma | ||